[Event "Olympiad"]
[Site "Bled SLO"]
[Date "2002.11.02"]
[Round "8"]
[White "Mueller,L"]
[Black "Pace,C"]
[Result "1-0"]
[WhiteElo "2211"]
[BlackElo "2171"]

1.d4 Nf6 2.c4 g6 3.Nc3 Bg7 4.e4 d6 5.Nf3 O-O 6.Be2 e5 7.O-O exd4 8.Nxd4 Re8
9.f3 Nh5 10.g4 Nf6 11.Be3 Nc6 12.Nc2 h5 13.g5 Nh7 14.Qd2 Bh3 15.Rf2 Kh8 16.Kh1 f6
17.gxf6 Nxf6 18.Rg1 Kh7 19.Bg5 Qd7 20.Ne3 Ne5 21.Ng2 Be6 22.Nd5 Rf8 23.Ndf4 Bxc4
24.Bxc4 Nxc4 25.Qc1 Ne5 26.Nh4 Qf7 27.Nhxg6 Nxg6 28.Bxf6 Bxf6 29.Nxg6 Rg8
30.e5 dxe5 31.Rfg2 Rg7 32.Qc2 Kg8 33.Qf5 Re8 34.Qxh5 Qd7 35.Qh8+ Kf7 36.Nxe5+  1-0

[Event "Olympiad"]
[Site "Bled SLO"]
[Date "2002.11.02"]
[Round "8"]
[White "Salani,P"]
[Black "Abdul,Maj"]
[Result "0-1"]
[WhiteElo "2200"]
[BlackElo "2259"]

1.d4 Nf6 2.c4 g6 3.Nc3 Bg7 4.e4 d6 5.Nf3 O-O 6.Be2 e5 7.O-O c6 8.Be3 exd4
9.Nxd4 Re8 10.Qc2 Qe7 11.Bg5 Qe5 12.Nf3 Qe6 13.Rfe1 Na6 14.Rad1 Nc5 15.b4 Ncd7
16.Qd2 a5 17.Nd4 Qe7 18.b5 c5 19.Nf3 Qf8 20.Qxd6 Qxd6 21.Rxd6 Nxe4 22.Nxe4 Rxe4
23.Rdd1 h6 24.Bd2 Nf8 25.Bd3 Rxe1+ 26.Nxe1 b6 27.Be4 Ra7 28.Bf4 Be6 29.Bd5 Bf5
30.h3 Re7 31.f3 Re2 32.Bc7 Bd4+ 33.Kh1 Nd7 34.Bc6 Be5 35.Bd8 Bg3 36.Bxd7 Bxd7
37.Bxb6 Rxe1+ 38.Rxe1  0-1

[Event "Open"]
[Site "Le Touquet FRA"]
[Date "2002.11.02"]
[Round "9"]
[White "Levers,T"]
[Black "Sanchez,Lo"]
[Result "0-1"]
[WhiteElo "2065"]
[BlackElo "2239"]

1.d4 Nf6 2.Nf3 g6 3.c4 Bg7 4.Nc3 O-O 5.e4 d6 6.Be2 e5 7.Bg5 h6 8.Bh4 Nbd7
9.Qd2 c6 10.Rd1 exd4 11.Bxf6 Nxf6 12.Nxd4 Re8 13.f3 Nh5 14.O-O Qh4 15.f4 Bxd4+
16.Qxd4 Nxf4 17.Bf3 Qg5 18.Qxd6 Bh3 19.Qd2 Rad8 20.Qf2 Bxg2 21.Qg3 Bxf3  0-1

[Event "FSIM Nov"]
[Site "Budapest HUN"]
[Date "2002.11.03"]
[Round "2"]
[White "Alfred,N"]
[Black "Zufic,M"]
[Result "0-1"]
[WhiteElo "2251"]
[BlackElo "2321"]

1.d4 Nf6 2.c4 g6 3.Nc3 Bg7 4.e4 d6 5.Nf3 O-O 6.Be2 Na6 7.O-O e5 8.Be3 Ng4
9.Bg5 Qe8 10.h3 h6 11.Bc1 Nf6 12.dxe5 dxe5 13.Be3 b6 14.a3 Bb7 15.Qc2 Nc5
16.Bxc5 bxc5 17.Nd5 Qd8 18.Rfd1 Rb8 19.Ne1 Nh7 20.Nd3 Qh4 21.Nxc5 Bc8 22.Bf1 Kh8
23.Nc3 Ng5 24.Nd7 Bxd7 25.Rxd7 f5 26.Rxc7 fxe4 27.Re1 e3 28.Rxe3 e4 29.Rxg7 Kxg7
30.Nxe4 Ne6 31.Qc3+ Kh7 32.g3 Qd8 33.Rd3 Qe7 34.Qe5 Rb7 35.Bg2 Ng5 36.Nxg5+ hxg5
37.Qxe7+ Rxe7 38.Rd2 Re1+ 39.Bf1 Kg7 40.Kg2 a5 41.b4 Ra1 42.c5 Rxa3 43.b5 Rc3
44.c6 a4 45.Ra2 a3 46.Be2 Kf6 47.Bf3 Ke5 48.b6 Rcxf3 49.c7 Rb3 50.Rd2 Rb2
51.Rxb2 axb2 52.b7 b1=Q 53.c8=Q Qe4+ 54.Kf1 Qh1+ 55.Ke2 Qf3+ 56.Kd2 Qxf2+
57.Kc3 Rf3+ 58.Kb4 Qb2+  0-1

[Event "10th Chigorin Mem"]
[Site "St Petersburg RUS"]
[Date "2002.11.03"]
[Round "9"]
[White "Ulko,J"]
[Black "Kruppa,Y"]
[Result "0-1"]
[WhiteElo "2472"]
[BlackElo "2522"]

1.d4 Nf6 2.c4 g6 3.Nc3 Bg7 4.e4 d6 5.Nf3 O-O 6.Be2 e5 7.O-O Na6 8.Re1 c6
9.Rb1 exd4 10.Nxd4 Nc5 11.f3 Nh5 12.Bf1 f5 13.exf5 Qh4 14.Be3 gxf5 15.Qd2 a5
16.Rbd1 f4 17.Bf2 Qg5 18.Nb3 Nxb3 19.axb3 Bf5 20.Qxd6 Bc2 21.Qe6+ Kh8 22.Ne4 Qg6
23.Qxg6 hxg6 24.Rd7 Bxe4 25.fxe4 Nf6 26.Rd6 Rfe8 27.e5 Ng4 28.Rxg6 Nxf2 29.Kxf2 Rxe5
30.Rd1 Rh5 31.Rd7 Rg8 32.Rg4 Rxh2 33.Rxf4 c5 34.Rxb7 Rh7 35.Rb5 Bd4+ 36.Ke2 Re7+
37.Kd1 Rd8 38.Kc2 Re1 39.Rh4+ Kg8 40.Rg4+ Kh8 41.Rb6 Be3 42.b4 a4 43.Rh4+ Kg8
44.Rg4+ Kf7 45.Rb7+ Kf8  0-1

[Event "10th Chigorin Mem"]
[Site "St Petersburg RUS"]
[Date "2002.11.03"]
[Round "9"]
[White "Popov,Val"]
[Black "Pliasunov,A"]
[Result "1-0"]
[WhiteElo "2568"]
[BlackElo "2354"]

1.Nf3 g6 2.d4 Bg7 3.e4 d6 4.c4 Nf6 5.Nc3 O-O 6.Be2 e5 7.Be3 exd4 8.Nxd4 Re8
9.f3 Nc6 10.Qd2 Nh5 11.Bg5 f6 12.Nxc6 bxc6 13.Bh6 Qe7 14.O-O-O Bxh6 15.Qxh6 Qe5
16.g3 f5 17.f4 Qg7 18.Qxg7+ Kxg7 19.c5 Nf6 20.exf5 Bxf5 21.cxd6 cxd6 22.Rxd6 Ne4
23.Nxe4 Bxe4 24.Rhd1 Bd5 25.Ba6 Re7 26.b3 Rb8 27.Kc2 Rb4 28.Kc3 Rbe4 29.Bd3 Re3
30.Kd4 Rf3 31.Rf1 Rxf1 32.Bxf1 a5 33.Bd3 Ra7 34.Be4 a4 35.Bxd5 cxd5 36.b4 Rc7
37.a3 Rc2 38.Ra6 Rxh2 39.Kxd5 Rh3 40.Rxa4 Rxg3 41.b5 Rb3 42.Kc4 Rf3 43.b6 Rxf4+
44.Kb5 Rf5+ 45.Ka6 h5 46.b7 Rf8 47.Rc4 g5 48.Rc8 Rf3 49.Rc7+ Kg6 50.Rc6+ Kf5
51.a4 Rb3 52.Rb6  1-0

[Event "Olympiad"]
[Site "Bled SLO"]
[Date "2002.11.04"]
[Round "9"]
[White "Barus,C"]
[Black "Khairallah,F"]
[Result "1-0"]
[WhiteElo "2479"]
[BlackElo "2228"]

1.d4 Nf6 2.c4 g6 3.Nc3 Bg7 4.e4 d6 5.Nf3 O-O 6.Be2 e5 7.Be3 Ng4 8.Bg5 f6
9.Bh4 Nc6 10.d5 Ne7 11.Nd2 h5 12.Nf1 c5 13.h3 Nh6 14.Ne3 a6 15.a3 b6 16.O-O g5
17.Bg3 h4 18.Bh2 Ng6 19.b4 Nf4 20.Rb1 f5 21.exf5 Nxf5 22.Bg4 e4 23.Nxe4 Qe7
24.Bxf4 gxf4 25.Nxf5 Bxf5 26.Bxf5 Rxf5 27.Nd2 f3 28.Nxf3 Raf8 29.Re1 Qc7
30.Qd3 cxb4 31.axb4 Qd7 32.Re6 a5 33.Rbe1 axb4 34.Re7 Qc8 35.Nxh4 Rg5 36.R1e6 Qc5
37.Nf3 Rg3 38.Rg6 Rfxf3 39.Rexg7+ Kf8 40.Qe2  1-0

[Event "Olympiad"]
[Site "Bled SLO"]
[Date "2002.11.04"]
[Round "9"]
[White "Hook,W"]
[Black "Grassi,E"]
[Result "1/2-1/2"]
[WhiteElo "2138"]
[BlackElo "2117"]

1.d4 Nf6 2.Nf3 g6 3.c4 Bg7 4.Nc3 O-O 5.e4 d6 6.Be2 e5 7.d5 a5 8.O-O Na6 9.Ne1 h5
10.Nd3 b6 11.Bg5 Qe8 12.f3 Nh7 13.Bd2 f5 14.exf5 gxf5 15.f4 h4 16.Bh5 Qe7
17.Qe1 e4 18.Nc1 Nc5 19.Be3 Bd7 20.Rb1 Bf6 21.N1e2 Qg7 22.Nc1 Kh8 23.Kh1 Rg8
24.Rg1 Qh6 25.Bd1 Rg6 26.Bc2 Re8 27.N1e2 Qg7 28.Qd2 Rg8 29.Nd4 Nd3 30.Bxd3 Bxd4
31.Bf1 Bxe3 32.Qxe3 Nf6 33.Qd4 Ng4 34.Qxg7+ R6xg7 35.h3 Nf6 36.Be2 Be8 37.Rbe1 Bh5
38.Nd1 Bxe2 39.Rxe2 Nh5 40.Rf2 Rg3 41.Re1 Kg7 42.Ne3 Kf6 43.Kh2 R3g7 44.Ree2 Ng3
45.Re1 Nh5 46.Nc2 Rg3 47.Ne3 R3g7 48.Rc1 Rg3 49.Re1  1/2-1/2

[Event "Olympiad"]
[Site "Bled SLO"]
[Date "2002.11.05"]
[Round "10"]
[White "Valenzuela Fuentealba,L"]
[Black "Kaabi,M"]
[Result "1/2-1/2"]
[WhiteElo "2423"]
[BlackElo "2383"]

1.d4 Nf6 2.c4 g6 3.Nc3 Bg7 4.e4 d6 5.Be2 O-O 6.Nf3 e5 7.d5 a5 8.Bg5 h6 9.Bh4 Na6
10.Nd2 Bd7 11.O-O Qe8 12.Rb1 Nh7 13.b3 h5 14.f3 Bh6 15.a3 Be3+ 16.Kh1 Bc5
17.Qc1 Kh8 18.Na2 f5 19.b4 axb4 20.axb4 Be3 21.exf5 gxf5 22.Rb3 Bf4 23.Nc3 Qg6
24.g3 Be3 25.Nd1 Bd4 26.f4 e4 27.Rb1 Rg8 28.Nb3 Bf6 29.Bxf6+ Nxf6 30.Qc3 h4
31.Kg2 Rg7 32.Ne3 hxg3 33.hxg3 Rh7 34.Rh1 Rh4 35.Rbf1 Kh7 36.c5 Nh5 37.Bxh5 Qxh5
38.Nd4 Kh8 39.Nec2 Bb5 40.Re1 Bd3 41.Re3 Bxc2 42.Ne6+ Kg8 43.Qf6 Nxb4 44.Qe7 Kh8
45.Qf6+ Kh7 46.Qe7+ Kh8 47.Qf6+ Kh7 48.Qe7+  1/2-1/2

[Event "Olympiad w"]
[Site "Bled SLO"]
[Date "2002.11.05"]
[Round "10"]
[White "Caoili,A"]
[Black "Costantini,L"]
[Result "1-0"]
[WhiteElo "2309"]
[BlackElo "2052"]

1.d4 Nf6 2.Nf3 g6 3.c4 Bg7 4.Nc3 d6 5.e4 O-O 6.Be2 e5 7.Be3 Na6 8.O-O Ng4
9.Bg5 Qe8 10.dxe5 h6 11.Bd2 dxe5 12.h3 Nf6 13.Be3 c6 14.c5 Nh5 15.Re1 Nc7
16.Qd6 Ne6 17.Nxe5 Nef4 18.Nf3 Bxc3 19.bxc3 Qxe4 20.Rad1 Be6 21.Rd4 Nxe2+
22.Rxe2 Qb1+ 23.Re1 Qf5 24.Bxh6 Rfd8 25.Qxd8+ Rxd8 26.Rxd8+ Kh7 27.Be3 Nf4
28.Bd4 f6 29.Rf8 Nxh3+ 30.gxh3 Qxh3 31.Ng5+  1-0

[Event "Olympiad"]
[Site "Bled SLO"]
[Date "2002.11.05"]
[Round "10"]
[White "Brittner,S"]
[Black "Mohr,G"]
[Result "1-0"]
[WhiteElo "2182"]
[BlackElo "2488"]

1.d4 g6 2.c4 Bg7 3.e4 d6 4.Nc3 Nf6 5.Nf3 O-O 6.Be2 e5 7.O-O c6 8.Re1 Nbd7
9.Bf1 h6 10.h3 Nh7 11.dxe5 dxe5 12.Be3 Ng5 13.Nxg5 hxg5 14.Qd2 Bf6 15.Red1 Qe7
16.Na4 Re8 17.b4 Rd8 18.c5 Nf8 19.Qxd8 Qxd8 20.Rxd8 Bxd8 21.Nb2 Ne6 22.Nc4 Bf6
23.Rd1 Kf8 24.Rd6 Ke7 25.Bc1 Nd4 26.Bb2 Be6 27.Na5 Kf8 28.Bxd4 exd4 29.Nxb7 Rb8
30.Ba6 Kg7 31.Rxc6 Be5 32.a3 Bd7 33.Rd6 Bxd6 34.Nxd6 Kf6 35.Kf1 Be6 36.Ke2 Ke5
37.Kd3 f5 38.exf5 gxf5 39.Bc4 Bd7 40.Nf7+ Kf6 41.Kxd4 Bc6 42.f3 a5 43.Kc3 axb4+
44.axb4 Bb5 45.Bxb5 Kxf7 46.Bd7 f4 47.Kc4 Ke7 48.Bg4 Ra8 49.b5 Ra2 50.Kd5 Kd8
51.b6 Rd2+ 52.Kc6 Rxg2 53.Kb7  1-0

[Event "Olympiad"]
[Site "Bled SLO"]
[Date "2002.11.05"]
[Round "10"]
[White "Illescas Cordoba,M"]
[Black "Krakops,M"]
[Result "1-0"]
[WhiteElo "2585"]
[BlackElo "2530"]

1.d4 Nf6 2.c4 g6 3.Nc3 Bg7 4.e4 d6 5.Nf3 O-O 6.Be2 e5 7.d5 a5 8.Bg5 h6 9.Bh4 Na6
10.Nd2 Qe8 11.a3 Bd7 12.O-O a4 13.b4 axb3 14.Nxb3 b6 15.a4 Nxe4 16.Nxe4 f5
17.Ned2 g5 18.Bg3 f4 19.Bh5 Qc8 20.Ne4 Bf5 21.f3 fxg3 22.hxg3 Qd7 23.Qe2 c6
24.Bg4 Bxg4 25.fxg4 cxd5 26.cxd5 Nc7 27.Rxf8+ Rxf8 28.Qc4 Ne8 29.Qe2 Nf6
30.Nxf6+ Bxf6 31.Qe4 Qh7 32.Nd2 Qxe4 33.Nxe4 Be7 34.Rc1 Ra8 35.Rc4 Kf7 36.Nc3 Ke8
37.Kf2 Kd7 38.Ke3 Rf8 39.Ke4 Rf2 40.Nb5 Bd8 41.Rc6 Rf6 42.Ke3 Ke7 43.Kd3 Kd7
44.Ke4 Ke7 45.Na3 Rf1 46.Nc4 Re1+ 47.Kf3 e4+ 48.Kf2 Ra1 49.Nxd6 Rxa4 50.Ke3 b5
51.Nxe4 b4 52.Rxh6 Ra3+ 53.Kd4 Kf7 54.Rh7+ Kg6 55.Rb7 Ba5 56.Rb5 b3 57.Ke5 Be1
58.Rb6+ Kg7 59.Kf5 Ra5 60.Rb7+ Kf8 61.Ke6  1-0

[Event "Olympiad"]
[Site "Bled SLO"]
[Date "2002.11.06"]
[Round "11"]
[White "Wu Shaobin"]
[Black "Belkhodja,S"]
[Result "1-0"]
[WhiteElo "2544"]
[BlackElo "2497"]

1.d4 d6 2.Nf3 g6 3.c4 Bg7 4.Nc3 Nd7 5.e4 e5 6.Be2 Ngf6 7.O-O O-O 8.Re1 c6
9.Bf1 exd4 10.Nxd4 Ng4 11.Qxg4 Bxd4 12.Qd1 Qf6 13.Be3 Bxe3 14.Rxe3 Ne5 15.h3 Be6
16.b3 Rad8 17.Rc1 a6 18.a4 a5 19.Rc2 g5 20.Rd2 Bc8 21.Be2 Rfe8 22.Bh5 Kh8
23.Ne2 Be6 24.Ng3 Rd7 25.Bg4 Red8 26.Nh5 Qg6 27.f3 b6 28.Re1 Kg8 29.Qb1 Kf8
30.Qa1 Kg8 31.Qd4 Rb8 32.Qc3 Rbd8 33.Red1 f5 34.exf5 Bxf5 35.Ng3 Bxg4 36.hxg4 Nf7
37.Qe3 Rb8 38.Nf5 Kf8 39.Qe4 d5 40.cxd5 Re8 41.Qc2 cxd5 42.Rxd5 Rxd5 43.Rxd5 Qf6
44.Qc7 Rd8 45.Rb5 Rd1+ 46.Kh2 Qd8 47.Qxd8+ Nxd8 48.Rxb6 Kf7 49.Nd6+ Ke7 50.Nc4 Ne6
51.Rb5 h6 52.Rxa5 Rc1 53.Re5 Kf6 54.Re2 Nd4 55.Rb2 Ra1 56.Nb6 Ke6 57.b4 Ke5
58.a5 Ne6 59.b5 Kd4 60.Rb4+ Kc5 61.Re4 Nd4 62.Nd7+ Kd5 63.b6 Nc6 64.b7  1-0

[Event "Olympiad"]
[Site "Bled SLO"]
[Date "2002.11.06"]
[Round "11"]
[White "Arab,A"]
[Black "Tratar,M"]
[Result "0-1"]
[WhiteElo "2227"]
[BlackElo "2471"]

1.d4 Nf6 2.c4 g6 3.Nc3 Bg7 4.e4 d6 5.Nf3 O-O 6.Be2 Na6 7.O-O e5 8.d5 Nc5
9.Qc2 a5 10.Bg5 h6 11.Bh4 g5 12.Bg3 Nh5 13.Rfe1 f5 14.Nd2 Nf4 15.Bf1 Nxg2
16.Bxg2 f4 17.Nb3 Na6 18.h3 h5 19.Nc1 g4 20.hxg4 fxg3 21.fxg3 h4 22.gxh4 Qxh4
23.Nd3 Bh6 24.a3 Bxg4 25.Nd1 Qg3 26.N1f2 Be3 27.Rxe3 Qxe3 28.Re1 Qg5 29.Nxg4 Qxg4
30.Kh2 Qh4+ 31.Kg1 Rf7 32.Re3 Rg7 33.b4 axb4  0-1

[Event "Olympiad"]
[Site "Bled SLO"]
[Date "2002.11.06"]
[Round "11"]
[White "Timoscenko,G"]
[Black "Nikolaidis,I"]
[Result "1/2-1/2"]
[WhiteElo "2509"]
[BlackElo "2495"]

1.d4 Nf6 2.c4 g6 3.Nc3 Bg7 4.e4 d6 5.Nf3 O-O 6.Be2 e5 7.Be3 Ng4 8.Bg5 f6
9.Bh4 c6 10.h3 Nh6 11.O-O Na6 12.Qd2 Qe8 13.Rad1 Nf7 14.Rfe1 Nc7 15.Bg3 b6
16.b4 Bb7 17.Bf1 Qe7 18.Qc2 Rfd8 19.a3  1/2-1/2

[Event "Olympiad"]
[Site "Bled SLO"]
[Date "2002.11.06"]
[Round "11"]
[White "Alzate,D"]
[Black "Illescas Cordoba,M"]
[Result "0-1"]
[WhiteElo "2432"]
[BlackElo "2585"]

1.d4 Nf6 2.c4 g6 3.Nc3 Bg7 4.e4 d6 5.Nf3 O-O 6.Be2 e5 7.Be3 Nbd7 8.O-O h6
9.dxe5 dxe5 10.Nd2 b6 11.c5 Nxc5 12.Bxc5 bxc5 13.Qc2 Bd7 14.Rac1 Rb8 15.Nb3 Qe7
16.Bc4 Rb4 17.Qd3 Rfb8 18.Rfd1 c6 19.Nb1 Kh7 20.Na3 Be8 21.Rc2 Bf8 22.Qe2 Nh5
23.g3 Ng7 24.Nc1 R4b7 25.Nd3 Rd7 26.Rdc1 Rbd8 27.Rc3 f5 28.exf5 Nxf5 29.Qxe5 Bg7
30.Qxc5 Qxc5 31.Nxc5 Rd1+ 32.Kg2 Rxc1 33.Rxc1 Bxb2 34.Rb1 Bxa3 35.Rb7+ Kh8
36.Ne4 Nd6 37.Nxd6 Bxd6 38.Rxa7 Bc5 39.Rc7 Rd2 40.Rc8 Rxf2+ 41.Kh3 Rf8 42.Be6 Kg7
43.Rc7+  0-1

[Event "Olympiad"]
[Site "Bled SLO"]
[Date "2002.11.06"]
[Round "11"]
[White "Rodgaard,J"]
[Black "De Silva,N"]
[Result "1-0"]
[WhiteElo "2345"]
[BlackElo "2236"]

1.Nf3 Nf6 2.c4 g6 3.Nc3 Bg7 4.e4 d6 5.d4 O-O 6.Be2 e5 7.O-O exd4 8.Nxd4 Re8
9.f3 Nc6 10.Be3 Ne5 11.Qd2 Be6 12.b3 a6 13.Rad1 Nc6 14.Rf2 Nxd4 15.Bxd4 Nh5
16.Bxg7 Nxg7 17.f4 f5 18.Bf3 Rb8 19.Re2 Qf6 20.Rde1 Kf8 21.exf5 Nxf5 22.Bd5 Bxd5
23.Nxd5 Rxe2 24.Rxe2 Qg7 25.g4 Nd4 26.Re3 c6 27.Nc7 Nf3+ 28.Rxf3 Qxc7 29.f5 Kg8
30.fxg6 Re8 31.Qh6 Qg7 32.Qxh7+ Qxh7 33.gxh7+ Kxh7 34.Kf2 Kg6 35.h4 Re4 36.Kg3 Re2
37.h5+ Kg7 38.Rd3 Re6 39.Kh4 b5 40.Rd4 bxc4 41.bxc4 c5 42.Rd3 Re2 43.Rxd6 Rxa2
44.Kg5 Rc2 45.Rd7+ Kf8 46.h6 Rh2 47.Kg6 a5 48.h7 Ke8 49.Ra7  1-0

[Event "Olympiad"]
[Site "Bled SLO"]
[Date "2002.11.06"]
[Round "11"]
[White "Magai,V"]
[Black "Spasov,V"]
[Result "1/2-1/2"]
[WhiteElo "2531"]
[BlackElo "2591"]

1.d4 Nf6 2.c4 g6 3.Nc3 Bg7 4.e4 d6 5.Nf3 O-O 6.Be2 e5 7.Be3 Ng4 8.Bg5 f6
9.Bh4 Nc6 10.d5 Ne7  1/2-1/2

[Event "Olympiad"]
[Site "Bled SLO"]
[Date "2002.11.06"]
[Round "11"]
[White "Simonet,M"]
[Black "Ezat,M"]
[Result "0-1"]
[WhiteElo "2304"]
[BlackElo "2375"]

1.d4 Nf6 2.c4 g6 3.Nc3 Bg7 4.e4 d6 5.Nf3 O-O 6.Be2 e5 7.d5 a5 8.Bg5 h6 9.Be3 Ng4
10.Bc1 f5 11.exf5 gxf5 12.g3 Na6 13.Nh4 Nc5 14.O-O Nf6 15.f4 exf4 16.Bxf4 Nfe4
17.Nb5 c6 18.dxc6 Qb6 19.Be3 bxc6 20.Nxd6 Qxb2 21.Rb1 Qa3 22.Bd4 Bxd4+ 23.Qxd4 Ne6  0-1

[Event "Last Autumn GM"]
[Site "Tel Aviv ISR"]
[Date "2002.11.06"]
[Round "5"]
[White "Gerzhoy,L"]
[Black "Roiz,M"]
[Result "1/2-1/2"]
[WhiteElo "2389"]
[BlackElo "2512"]

1.Nf3 g6 2.c4 Bg7 3.d4 d6 4.e4 Nf6 5.Nc3 O-O 6.Be2 e5 7.O-O Na6 8.Bg5 h6
9.Bh4 g5 10.dxe5 Nh5 11.Bg3 Nxg3 12.hxg3 dxe5 13.Nh2 Nc5 14.Bg4 Ne6 15.Bf5 Nd4
16.Bxc8 Rxc8 17.Ng4 f5 18.exf5 Rxf5 19.Ne3 Rf7 20.Qg4 Qe8 21.Qe4 c6 22.Qg4 Rd8
23.Ne4 Rfd7 24.Nc5 Re7 25.Rad1 e4 26.Nb3 Rf7 27.Nxd4 Rxd4 28.b3 Kh8 29.Qh3 Qf8
30.Qe6 Rf6 31.Qg4 Rxd1 32.Nxd1 Qe8 33.Ne3 c5 34.Nd5 Rf8 35.Nc7 Qe5  1/2-1/2

[Event "Olympiad"]
[Site "Bled SLO"]
[Date "2002.11.07"]
[Round "12"]
[White "Psakhis,L"]
[Black "Manik,M"]
[Result "1-0"]
[WhiteElo "2588"]
[BlackElo "2419"]

1.d4 Nf6 2.c4 g6 3.Nc3 Bg7 4.e4 d6 5.Be2 O-O 6.Nf3 e5 7.O-O Nbd7 8.Qc2 h6
9.Rd1 exd4 10.Nxd4 Re8 11.Be3 c6 12.f3 Kh7 13.Qd2 Qe7 14.Nc2 Bf8 15.Kh1 Nh5
16.g4 Nhf6 17.Bf4 Ne5 18.Bg3 a6 19.a4 Be6 20.Ne3 Rad8 21.Bh4 Bc8 22.a5 Qe6
23.Qc2 Be7 24.Nf5 gxf5 25.exf5 Qd7 26.f4 Qc7 27.fxe5 dxe5 28.Rxd8 Qxd8 29.Rd1 Qxa5
30.Bxf6 Bxf6 31.Ne4 Bg5 32.f6 Kh8 33.Nxg5 hxg5 34.Qd3 Kg8 35.Qh3 Rd8 36.Rxd8+ Qxd8
37.Qh6  1-0

[Event "Olympiad"]
[Site "Bled SLO"]
[Date "2002.11.07"]
[Round "12"]
[White "Atalik,S"]
[Black "Damljanovic,B"]
[Result "0-1"]
[WhiteElo "2575"]
[BlackElo "2550"]

1.d4 Nf6 2.c4 g6 3.Nc3 Bg7 4.e4 d6 5.Nf3 O-O 6.Be2 e5 7.O-O Na6 8.Re1 c6
9.Rb1 exd4 10.Nxd4 Nc5 11.Bf1 Ng4 12.h3 Qf6 13.Nf3 Ne5 14.Nh2 Be6 15.b3 Rad8
16.Re3 a5 17.Bd2 h6 18.Qc1 g5 19.Na4 Nxa4 20.bxa4 Rd7 21.Nf3 Nxf3+ 22.Rxf3 Qg6
23.Rfb3 Qxe4 24.Bxa5 d5 25.Rxb7 Rxb7 26.Rxb7 Ra8 27.Qd2 dxc4 28.Bc3 c5 29.Rc7 Qf4
30.Qxf4 gxf4 31.Bxg7 Kxg7 32.Rxc5 Rxa4 33.Be2 Rxa2 34.Bg4 Ra1+ 35.Kh2 Rc1
36.g3 fxg3+ 37.Kxg3 c3 38.Bxe6 fxe6 39.Kf4 Kf6 40.h4 Ke7 41.Ke5 c2 42.Kf4 Kd6
43.Rc8 Kd5 44.Kf3 Kd4 45.Rd8+ Kc3 46.Rc8+ Kd2 47.Rd8+ Ke1 48.Rc8 Kf1 49.h5 e5
50.Rc7 Kg1 51.Kg3 e4 52.Rc8 Kf1 53.Rc7 Ke2 54.Kg2 Kd3 55.Rd7+ Kc4 56.Rc7+ Kd5
57.Kh2 Ke5 58.Kg2 Kf4 59.Rc4 Kg5 60.Rc5+ Kg4 61.f3+ exf3+ 62.Kf2 Rh1  0-1

[Event "Olympiad"]
[Site "Bled SLO"]
[Date "2002.11.07"]
[Round "12"]
[White "Wong Meng Kong"]
[Black "Klerides,P"]
[Result "1-0"]
[WhiteElo "2496"]
[BlackElo "2183"]

1.d4 Nf6 2.c4 g6 3.Nc3 Bg7 4.e4 d6 5.Be2 O-O 6.Be3 e5 7.Nf3 Nc6 8.d5 Ne7
9.Nd2 Ne8 10.c5 f5 11.f3 Kh8 12.cxd6 cxd6 13.Nb5 fxe4 14.fxe4 a6 15.Nc3 Ng8
16.Nf3 Bh6 17.Bf2 Ngf6 18.h3 b5 19.a3 Nh5 20.g3 Neg7 21.Kf1 Bd7 22.Kg2 Qe7
23.Qd3 Rf7 24.Be3 Bxe3 25.Qxe3 Nxg3 26.Kxg3 Nh5+ 27.Kh2 Nf4 28.Rag1 Nxh3
29.Rg3 Nf4 30.Ng5 Rf6 31.Bg4 Bxg4 32.Rxg4 Raf8 33.Rhg1 Nh5 34.Ne2 Rf2+ 35.R1g2 Rxg2+
36.Kxg2 Rc8 37.Qd2 Nf6 38.Rg3 Nh5 39.Rg4 Nf6 40.Rh4 Nh5 41.Nf3 Rc4 42.b3 Rc5
43.Kf2 Qc7 44.Qg5 Rc2 45.Rxh5 gxh5 46.Qf6+ Kg8 47.Ng5 Rxe2+ 48.Kxe2 Qc2+
49.Ke1 Qc1+ 50.Kf2 Qd2+ 51.Kg3 h4+ 52.Kxh4 Qe1+ 53.Kg4  1-0

[Event "FSGM Nov"]
[Site "Budapest HUN"]
[Date "2002.11.07"]
[Round "6"]
[White "Horvath,P1"]
[Black "Slaby,J"]
[Result "1-0"]
[WhiteElo "2482"]
[BlackElo "2364"]

1.d4 Nf6 2.c4 g6 3.Nc3 Bg7 4.e4 d6 5.Nf3 O-O 6.Be2 e5 7.d5 a5 8.Bg5 h6 9.Bh4 Qe8
10.Nd2 Na6 11.O-O h5 12.f3 Nh7 13.a3 Bd7 14.b3 Bh6 15.Bf2 Qe7 16.Rb1 h4 17.Kh1 Bf4
18.Rg1 Qg5 19.Nf1 Qh6 20.b4 axb4 21.axb4 Nf6 22.Qe1 Bg5 23.c5 Kg7 24.Bc4 Nb8
25.Nb5 Bxb5 26.Bxb5 h3 27.g3 Ra3 28.Qe2 Nbd7 29.f4 exf4 30.gxf4 Bh4 31.Bxh4 Qxh4
32.Bxd7 Qxf4 33.Ng3 Re3 34.Qxe3  1-0

[Event "Olympiad w"]
[Site "Bled SLO"]
[Date "2002.11.08"]
[Round "13"]
[White "Zhao Xue"]
[Black "Gaponenko,I"]
[Result "1-0"]
[WhiteElo "2367"]
[BlackElo "2411"]

1.d4 Nf6 2.c4 g6 3.Nc3 Bg7 4.e4 d6 5.Nf3 O-O 6.Be2 e5 7.Be3 Ng4 8.Bg5 f6
9.Bh4 Nc6 10.d5 Ne7 11.Nd2 Nh6 12.f3 g5 13.Bf2 f5 14.c5 g4 15.fxg4 Nxg4 16.Bxg4 fxg4
17.O-O Ng6 18.Nc4 dxc5 19.Bxc5 Rxf1+ 20.Qxf1 Bh6 21.Qf2 b6 22.Be3 Bxe3 23.Nxe3 Bd7
24.Rf1 Qf8 25.Nf5 Nf4 26.Qh4 Bxf5 27.exf5 Qxf5 28.g3 Qh5 29.Qe7 Nh3+ 30.Kh1 Re8
31.Qxc7 Rf8 32.Rxf8+ Kxf8 33.Qd8+ Qe8 34.Qf6+ Kg8 35.Ne4 Qa4 36.Qe6+ Kf8
37.Qf5+ Ke8 38.Qxe5+ Kd8 39.Qh8+ Kc7 40.Qxh7+ Kb8 41.Qg8+ Kb7 42.Qf7+ Ka8
43.Qf8+ Kb7 44.Nd6+ Ka6 45.Qc8+ Ka5 46.Qc3+ Ka6 47.b3 Qd7 48.Qc6  1-0

[Event "Olympiad"]
[Site "Bled SLO"]
[Date "2002.11.08"]
[Round "13"]
[White "Belotti,B"]
[Black "Krakops,M"]
[Result "1-0"]
[WhiteElo "2419"]
[BlackElo "2530"]

1.d4 Nf6 2.c4 g6 3.Nc3 Bg7 4.e4 d6 5.Nf3 O-O 6.Be2 e5 7.Be3 Ng4 8.Bg5 f6
9.Bc1 Nc6 10.d5 Ne7 11.h3 Nh6 12.h4 f5 13.Ng5 f4 14.g4 Kh8 15.b4 a5 16.b5 b6
17.Ne6 Bxe6 18.dxe6 Nhg8 19.g5 h6 20.a4 Ra7 21.Ra3 Qe8 22.h5 hxg5 23.Nd5 Bh6
24.Rah3 Kg7 25.Bb2 Nxd5 26.cxd5 Nf6 27.hxg6 Rh8 28.Bg4 Nxe4 29.Bf5 Nf6 30.f3 Qa8
31.Qe2 Qxd5 32.Qh2 Ng8 33.e7 Nxe7 34.Rxh6 Nxf5 35.Rxh8 Nh4 36.Rxh4 gxh4 37.Qxh4 Qxf3
38.Qh7+  1-0

[Event "WYb14"]
[Site "Heraklio GRE"]
[Date "2002.11.16"]
[Round "2"]
[White "Bercys,S"]
[Black "Mamedov,Rau"]
[Result "1-0"]
[WhiteElo "2167"]
[BlackElo "2366"]

1.d4 Nf6 2.c4 g6 3.Nc3 Bg7 4.e4 d6 5.Nf3 O-O 6.Be2 e5 7.d5 a5 8.O-O Na6 9.Bg5 Qe8
10.Nd2 h6 11.Be3 Nh7 12.Nb3 b6 13.Qd2 h5 14.Bd3 a4 15.Nc1 f5 16.exf5 gxf5
17.f4 a3 18.b3 e4 19.Bc2 Qg6 20.N1e2 Kh8 21.Bd4 Nf6 22.Nb5 Rg8 23.h3 Kh7
24.Rae1 Bd7 25.Nxa3 h4 26.Nb1 Rae8 27.Be3 Nh5 28.Rf2 Nc5 29.Nbc3 Bh6 30.Bxc5 bxc5
31.Qe3 Bg7 32.Nb5 Bxb5 33.cxb5 Ng3 34.Rd1 Nxe2+ 35.Rxe2 Bd4 36.Rxd4 cxd4
37.Qxd4 Qh5 38.Bd1 Qh6 39.Rc2 Re7 40.Qa7 Qxf4 41.Rxc7 Rxc7 42.Qxc7+ Rg7 43.Qc2 Qe5
44.Qe2 Kg8 45.Qh5 Kf8 46.Qh8+ Ke7 47.Qxh4+ Kd7 48.Qf2 e3 49.Qc2 Qxd5 50.b6 Kd8
51.Bf3 Qc5 52.Qxc5 dxc5 53.a4 e2 54.Bxe2 Kc8 55.Bf3 Re7 56.Kf2 Rd7 57.Ke2 Re7+
58.Kd2  1-0

[Event "It"]
[Site "Torino ITA"]
[Date "2002.11.17"]
[Round "2"]
[White "Castaldo,F"]
[Black "Sarno,S"]
[Result "1/2-1/2"]
[WhiteElo "2338"]
[BlackElo "2412"]

1.Nf3 Nf6 2.c4 g6 3.Nc3 Bg7 4.e4 O-O 5.d4 d6 6.Be2 e5 7.d5 a5 8.Bg5 h6 9.Bh4 Na6
10.Nd2 Bd7 11.O-O Qe8 12.Rb1 Nc5 13.b3 Nh7 14.a3 h5 15.f3 Bh6 16.Nb5 Qb8
17.Bf2 f5 18.b4 axb4 19.axb4 Na4 20.Qc2 c6 21.dxc6 bxc6 22.Nc3 Nxc3 23.Qxc3 Nf6
24.exf5 gxf5 25.Nb3 Be6 26.Ra1 Qc7 27.Ra5 Rxa5 28.bxa5 c5 29.Ra1 Bg7 30.Qd2 Rb8
31.Ra3 Ne8 32.a6 Ra8 33.Qa5 Bc8 34.a7 Bf6 35.Qb5 Bd7 36.Qa6 Bc8 37.Qb5 Bd7
38.Qa6 Bd8 39.Be1 Qb6 40.Kf1 Qxa6 41.Rxa6 Bc8 42.Ra1 Bb6 43.f4 Rxa7 44.fxe5 dxe5  1/2-1/2

[Event "WYb14"]
[Site "Heraklio GRE"]
[Date "2002.11.21"]
[Round "7"]
[White "Brodowski,P"]
[Black "Jojua,D"]
[Result "0-1"]
[WhiteElo "2232"]
[BlackElo "2208"]

1.d4 Nf6 2.c4 g6 3.Nc3 Bg7 4.e4 d6 5.Nf3 O-O 6.Be2 Nbd7 7.O-O e5 8.Be3 c6
9.Qc2 exd4 10.Nxd4 Re8 11.f3 a5 12.a3 Nc5 13.Rad1 Qe7 14.b3 Bd7 15.Bf4 Nh5
16.Bc1 Rad8 17.Rfe1 Qh4 18.Rf1 Be5 19.f4 Nxf4 20.Bf3 Ne2+ 21.Ncxe2 Bxh2+
22.Kh1 Bg3+  0-1

[Event "WYb18"]
[Site "Heraklio GRE"]
[Date "2002.11.21"]
[Round "8"]
[White "Werle,J"]
[Black "Jianu,V"]
[Result "1-0"]
[WhiteElo "2434"]
[BlackElo "2401"]

1.Nf3 Nf6 2.c4 g6 3.Nc3 Bg7 4.e4 d6 5.d4 O-O 6.Be2 e5 7.O-O exd4 8.Nxd4 Re8
9.f3 Nc6 10.Be3 Nh5 11.Qd2 Nxd4 12.Bxd4 Nf4 13.Rfd1 Qg5 14.Bf1 Nh3+ 15.Kh1 Qxd2
16.Rxd2 Nf4 17.Nd5 Nxd5 18.cxd5 f5 19.Bxg7 Kxg7 20.Rc1 fxe4 21.Rxc7+ Kh6
22.Re2 Bf5 23.g4 Rac8 24.Rxb7 Rc1 25.Kg1 Bc8 26.Rxa7 Rf8 27.Re3 exf3 28.h3 Kg5
29.Rc3 Rb1 30.Ra8 Kf4 31.Raxc8 Rxc8 32.Rxc8 Rxb2 33.a4 Ra2 34.Rc4+ Kg3 35.g5 f2+
36.Kh1 Ra1 37.Rc3+ Kf4 38.Kg2 Rxa4 39.Rc4+ Rxc4 40.Bxc4 Ke3 41.h4 Kd4 42.Bb3 Ke3
43.Ba4 Kf4 44.Kxf2 Kg4 45.Ke3 Kxh4 46.Kf4 Kh3 47.Bd7+ Kg2 48.Be6  1-0

[Event "WYb18"]
[Site "Heraklio GRE"]
[Date "2002.11.22"]
[Round "9"]
[White "Flumbort,A"]
[Black "Bellaiche,A"]
[Result "1-0"]
[WhiteElo "2446"]
[BlackElo "2369"]

1.Nf3 Nf6 2.c4 g6 3.Nc3 Bg7 4.d4 O-O 5.e4 d6 6.Be2 e5 7.Be3 Na6 8.O-O Ng4
9.Bg5 Qe8 10.dxe5 dxe5 11.h3 f6 12.Bd2 Nh6 13.c5 c6 14.Be3 Nf7 15.Bxa6 bxa6
16.Qa4 f5 17.exf5 gxf5 18.Rfe1 Qd7 19.Rad1 Qc7 20.Qh4 Rb8 21.Ng5 Nxg5 22.Bxg5 Re8
23.Bf6 Bxf6 24.Qxf6 Rxb2 25.Rd6 Qe7 26.Qxe7 Rxe7 27.Rd8+ Kg7 28.Rxc8 Rc2
29.Ne2 Rxc5 30.Nd4  1-0